书目信息 |
| 题名: |
回归分析及其试验设计
|
|
| 作者: | 茆诗松 编著 | |
| 分册: | ||
| 出版信息: | 上海 华东师范大学出版社 1981 |
|
| 页数: | 375页 | |
| 开本: | 21cm | |
| 丛书名: | ||
| 单 册: | ||
| 中图分类: | O212.1 | |
| 科图分类: | ||
| 主题词: | 数理统计 | |
| 电子资源: | ||
| ISBN: | ||
| 000 | 00666nam0 2200241 45 | |
| 001 | 0181005162 | |
| 005 | 20060629094543.17 | |
| 010 | @dCNY1.20 | |
| 091 | @a13135.003 | |
| 100 | @a19950622d1981 em y0chiy0121 ea | |
| 101 | 0 | @achi |
| 102 | @aCN@b310000 | |
| 105 | @ay z 000yy | |
| 200 | 10 | @a回归分析及其试验设计@Ahui gui fen xi ji qi shi yan she ji@f茆诗松等编著@Fmao shi song deng bian zhu |
| 205 | @a2版 | |
| 210 | @a上海@c华东师范大学出版社@d1981 | |
| 215 | @a375页@d21cm | |
| 606 | @a数理统计 | |
| 690 | @aO212.1@v3 | |
| 701 | 0 | @a茆诗松@Amao shi song@4编著 |
| 801 | 2 | @aCN@bNLC@c20060629 |
| 801 | 0 | @aCN@b上海图书馆@c20060515 |
| 905 | @dO212.1@e13 | |
| 回归分析及其试验设计/茆诗松等编著.-2版.-上海:华东师范大学出版社,1981 |
| 375页;21cm |
| ISBN :CNY1.20 |
| ● |
| 相关链接 |
|
|
|
|
正题名:回归分析及其试验设计
索取号:O212.1/13
 
预约/预借
| 序号 | 登录号 | 条形码 | 馆藏地/架位号 | 状态 | 备注 |
| 1 | 0057081 | 202339709 | 密集书库/ [索取号:O212.1/13] | 在馆 | |
| 2 | 0057082 | 202171014 | 密集书库/ [索取号:O212.1/13] | 在馆 | |
| 3 | 0057083 | 001442433 | 第三借阅区/ [索取号:O212.1/13] | 在馆 | |
| 4 | 0057084 | 001442488 | 第三借阅区/ [索取号:O212.1/13] | 在馆 | |
| 5 | 0057085 | 001442512 | 第三借阅区/ [索取号:O212.1/13] | 在馆 | |
| 6 | 0105465 | 001442479 | 第三借阅区/ [索取号:O212.1/13] | 在馆 | |
| 7 | 0105466 | 001442424 | 第三借阅区/ [索取号:O212.1/13] | 在馆 | |
| 8 | 0105467 | 001442442 | 第二样本阅览室/ [索取号:O212.1/13] | 在馆 | |
| 9 | 0421966 | 204219666 | 密集书库/ [索取号:O212.1/13] | 在馆 |